2003 Catálogo de investigaciones Universidad de Antioquia Vicerrectoría de Investigación (Registro nro. 16584)

Detalles MARC
000 -CABECERA
Campo de control 008920000a22002170004500
090 ## - CLASIFICACIÓN LOCAL
Colección MM
Consecutivo 00208
041 0# - IDIOMA
Código de idioma para texto/pista de sonido o título separado
044 ## - PAÍS DE PUBLICACIÓN
País de publicación
110 1# - ASIENTO PRINCIPAL--NOMBRE CORPORATIVO
Nombre corporativo o de jurisdicción como elemento de entrada Universidad de Antioquia
245 10 - MENCION DE TITULO
Título 2003 Catálogo de investigaciones Universidad de Antioquia Vicerrectoría de Investigación
Version el impacto de los grupos reconocidos por Colciencias y sus relaciones con los diferentes sectores de la sociedad
260 ## - PUBLICACION, DISTRIBUCION, ETC. (PIE DE IMPRENTA)
Lugar de publicación, distribución, etc. Medellín
Nombre del editor, distribuidor, etc. Universidad de Antioquia
Fecha de publicación, distribución, etc. 2004
300 ## - DESCRIPCION FISICA
Otros detalles físicos CD-ROM
500 ## - NOTA GENERAL
Nota general Requerimientos del sistema: Procesador Pentium II, 300 Mhz o superior
650 14 - ASIENTO SECUNDARIO DE MATERIA - TERMINO TEMATICO
Término temático o nombre geográfico como elemento de entrada Catálogos
650 14 - ASIENTO SECUNDARIO DE MATERIA - TERMINO TEMATICO
Término temático o nombre geográfico como elemento de entrada Investigación científica
650 14 - ASIENTO SECUNDARIO DE MATERIA - TERMINO TEMATICO
Término temático o nombre geográfico como elemento de entrada Proyectos de investigación
650 14 - ASIENTO SECUNDARIO DE MATERIA - TERMINO TEMATICO
Término temático o nombre geográfico como elemento de entrada Investigación universitaria
650 14 - ASIENTO SECUNDARIO DE MATERIA - TERMINO TEMATICO
Término temático o nombre geográfico como elemento de entrada Grupos de investigación
651 #4 - ASIENTO SECUNDARIO DE MATERIA - NOMBRE GEOGRAFICO
-- Colombia
942 ## - ELEMENTOS ADICIONALES (KOHA)
Tipo de ítem CD-ROM
Existencias
Withdrawn status Lost status Sistema de Clasificación Damaged status No para préstamo Colección Ubicación Permanente Ubicación actual Fecha de adquisición Fuente de Valor Total Checkouts Número topográfico Inventario / Código de Barras Date last seen Ejemplar Price effective from Tipo de material
    Local     Audiovisual Bogotá Bogotá 03/11/2004 Universidad de Antioquia   MM-00208 018432 25/03/2015 Ej. 1 25/03/2015 CD-ROM